000 00618nam a2200241Ia 4500
003 OSt
005 20221007073110.0
006 a|||||r|||| 00| 0
007 ta
008 221006b |||||||| |||| 00| 0 eng d
024 _a27,302
037 _cTextual
040 _aFLL
_cFLL
_beng
041 _2eng
_aeng
082 _aZ52, D7
100 _aNormand Rt. Hon. Lord
_9691894
245 0 _aRoman law
250 _a2nd
260 _aLondon
_bWilliam Hodge and Company Ltd. London
_c1947
300 _a244p
_ccm.
942 _hZ52, D7
_cTEXL
_2CC
999 _c1147673
_d1147673